| 000 | 00571nam a2200229 a 4500 | ||
|---|---|---|---|
| 001 | 000399 | ||
| 003 | BD-ChCU | ||
| 005 | 20230204155836.0 | ||
| 008 | s2006 anyu b 001 eng | ||
| 020 | _a0071116168 | ||
| 040 |
_aDLC _cDLC _dBD-ChCU |
||
| 082 | 0 | 0 | _a570.1/M178i |
| 100 | 1 |
_aMader, Sylvia S. _b |
|
| 245 | 1 | 0 |
_aInquiry into life. _cSylvia S Mader. |
| 250 | _a11th | ||
| 260 |
_aNew York. _bMcGrow Hill. _c2006. |
||
| 300 | _a758 | ||
| 504 | _aIncludes index.1-24.Glossary.G.1-23. | ||
| 650 | 0 | _aLife-Biological nature.Biology. | |
| 700 | 1 | _a | |
| 942 |
_2ddc _cBK |
||
| 999 |
_c399 _d399 |
||